Vincitori della Coppa Italia - Statistics

Statistiche generali
  • Questo quiz è stato fatto 67 volte
  • Il punteggio medio è 9 su 15
Statistiche sulle risposte
Vincite Club % Corretto
5 Milan
95%
9 Roma
84%
7 Lazio
78%
15 Juventus Torino
76%
6 Napoli
76%
6 Fiorentina
75%
4 Sampdoria
69%
5 Torino
69%
9 Inter Milano
65%
2 Bologna
64%
1 Atalanta
56%
3 Parma
56%
1 Genoa
49%
1 Venezia
20%
1 Vicenza Calcio
2%
Nessun quiz corrispondente trovato
Distribuzione punteggi
Percentuale di utenti per punteggio
Percentile per numero di risposta
I tuoi punteggi nel tempo
Non hai fatto questo quiz